Código de derecho internacional privado (Código Bustamante) / (Record no. 62288)

MARC details
000 -LEADER
campo de control de longitud fija 00638cam a2200193 4500
001 - NÚMERO DE CONTROL
campo de control 7627
005 - FECHA Y HORA DE LA ÚLTIMA TRANSACCIÓN
campo de control 20230410123459.0
008 - DATOS DE LONGITUD FIJA--INFORMACIÓN GENERAL
campo de control de longitud fija 060907n1989 dr spa
035 ## - NÚMERO DE CONTROL DEL SISTEMA
-- funglode7693
041 ## - CÓDIGO DE IDIOMA
Código de lengua del texto/banda sonora o título independiente spa
050 14 - SIGNATURA TOPOGRÁFICA DE LA BIBLIOTECA DEL CONGRESO
Número de clasificación KG 110
Número de ítem C669 1989
245 00 - MENCIÓN DEL TÍTULO
Título Código de derecho internacional privado (Código Bustamante) /
Mención de responsabilidad, etc. recopilación jurisprudencial integrada L. Almanzor González Canahuate
260 ## - PUBLICACIÓN, DISTRIBUCIÓN, ETC.
Lugar de publicación, distribución, etc. Santo Domingo :
Nombre del editor, distribuidor, etc. Imp. de J. R. Vda. García, Sucesores,
Fecha de publicación, distribución, etc. 1989
300 ## - DESCRIPCIÓN FÍSICA
Extensión 70 p.
440 #0 - MENCIÓN DE SERIE/PUNTO DE ACCESO ADICIONAL--TÍTULO
Título Edición Leyes ;
Designación de volumen o secuencia 4
500 ## - NOTA GENERAL
Nota general Gaceta Oficial No. 4042
700 1# - ENTRADA AGREGADA--NOMBRE PERSONAL
Nombre de persona Gonzalez Canahuate, L. Almanzor
942 ## - ELEMENTOS DE ENTRADA SECUNDARIOS (KOHA)
Fuente del sistema de clasificación o colocación Clasificación de Library of Congress
Tipo de ítem Koha
Holdings
Estatus retirado Estado de pérdida Fuente del sistema de clasificación o colocación Estado de daño No para préstamo Colección Biblioteca de origen Biblioteca actual Ubicación en estantería Fecha de adquisición Serial enumeration / chronology Signatura topográfica completa Código de barras Visto por última vez Copia número Tipo de ítem Koha
    Clasificación de Library of Congress     Ciencias Sociales Biblioteca Juan Bosch Biblioteca Juan Bosch Ciencias Sociales (3er. Piso) 24/10/2018 1 KG 110 C669 1989 00000022887 24/10/2018 1